000 00325pam a2200133 a 4500
020 _c
041 _h
082 _a751.45
_bBAR
100 _aBarringform Barber .
245 _aThe fundaments of Oil Painting
_hTextual Documents
260 _a[s.l]:
_bArcturus Publishing,
_c2012.
300 _a160:
_bpaper.
930 _a7288
999 _c241078
_d241078